World Capitals Alphabetically: appearing dots - 4 min sprint - Statistics

General Stats
  • This quiz has been taken 1,455 times
  • The average score is 52 of 200
Answers on the Map
Answers color-coded by a green-red scale on the quiz's map according to % correct below.
 
Answer Stats
Capital % Correct
Abu Dhabi
99%
Abuja
94%
Accra
93%
Addis Ababa
92%
Algiers
92%
Amman
91%
Amsterdam
91%
Andorra la Vella
91%
Ankara
91%
Antananarivo
88%
Apia
84%
Ashgabat
83%
Asunción
83%
Athens
83%
Asmara
82%
Astana
82%
Baghdad
82%
Baku
81%
Bamako
80%
Bangkok
78%
Bandar Seri Begawan
77%
Bangui
76%
Banjul
76%
Basseterre
70%
Beijing
70%
Beirut
70%
Belgrade
70%
Berlin
70%
Belmopan
69%
Bern
69%
Bishkek
68%
Bissau
66%
Bloemfontein
65%
Brasília
65%
Bogotá
64%
Bratislava
64%
Brazzaville
63%
Bridgetown
61%
Brussels
61%
Bucharest
60%
Budapest
59%
Buenos Aires
59%
Cairo
58%
Canberra
58%
Cape Town
58%
Caracas
58%
Castries
55%
Chișinău
55%
Conakry
53%
Copenhagen
53%
Cotonou
47%
Dakar
46%
Damascus
46%
Dhaka
45%
Dili
45%
Djibouti
45%
Dodoma
44%
Doha
43%
Dublin
43%
Dushanbe
43%
Freetown
40%
Funafuti
38%
Gaborone
37%
Georgetown
36%
Gitega
34%
Guatemala City
34%
Hanoi
33%
Harare
32%
Havana
32%
Helsinki
31%
Honiara
30%
Islamabad
28%
Jakarta
28%
Jerusalem
27%
Juba
26%
Kabul
25%
Kampala
24%
Kathmandu
23%
Khartoum
23%
Kiev
23%
Kigali
22%
Kingston
21%
Kingstown
20%
Kinshasa
19%
Kuala Lumpur
18%
Kuwait City
17%
La Paz
16%
Libreville
15%
Lilongwe
14%
Lima
13%
Lisbon
12%
Ljubljana
12%
Lomé
11%
London
11%
Luanda
10%
Lusaka
10%
Luxembourg
10%
Madrid
10%
Majuro
9%
Malabo
8%
Malé
8%
Managua
7%
Manama
7%
Manila
7%
Maputo
7%
Maseru
7%
Mbabane
6%
Mexico City
6%
Minsk
6%
Mogadishu
6%
Monaco
5%
Monrovia
5%
Montevideo
4%
Moroni
4%
Moscow
4%
Muscat
4%
Nairobi
4%
Nassau
4%
Naypyidaw
3%
N'Djamena
3%
New Delhi
3%
Ngerulmud
3%
Niamey
3%
Nicosia
3%
Nouakchott
2%
Nukuʻalofa
2%
Oslo
2%
Ottawa
2%
Ouagadougou
2%
Palikir
2%
Panama City
2%
Paramaribo
2%
Paris
2%
Phnom Penh
2%
Podgorica
2%
Port Louis
2%
Port Moresby
2%
Port Vila
2%
Zagreb
2%
Port-au-Prince
1%
Port-of-Spain
1%
Porto-Novo
1%
Prague
1%
Praia
1%
Pretoria
1%
Pristina
1%
Pyongyang
1%
Quito
1%
Rabat
1%
Reykjavík
1%
Riga
1%
Riyadh
1%
Rome
1%
Roseau
1%
Saint George's
1%
Saint John's
1%
Sana'a
1%
San José
1%
San Marino
1%
San Salvador
1%
Santiago
1%
Santo Domingo
1%
São Tomé
1%
Sarajevo
1%
Seoul
1%
Singapore
1%
Skopje
1%
Sofia
1%
South Tarawa
1%
Sri Jayawardenepura Kotte
1%
Stockholm
1%
Sucre
1%
Suva
1%
Taipei
1%
Tallinn
1%
Tbilisi
1%
Tehran
1%
Tirana
1%
Tokyo
1%
Tripoli
1%
Tunis
1%
Ulaanbaatar
1%
Vaduz
1%
Valletta
1%
Vatican City
1%
Warsaw
1%
Washington D.C.
1%
Wellington
1%
Windhoek
1%
Yaren
1%
Yerevan
1%
Tashkent
0%
Tegucigalpa
0%
Thimphu
0%
Victoria
0%
Vienna
0%
Vientiane
0%
Vilnius
0%
Yamoussoukro
0%
Yaoundé
0%
No matching quizzes found
Score Distribution
Percent of People with Each Score
Percentile by Number Answered
Your Score History
You have not taken this quiz